Responses for Show #97 - Tuesday, January 22, 1985

Paul Boymel game 3.
Single-player Final Jeopardy!

Contestants

[<< previous game]

Rae Clark, a respiratory therapist from Los Angeles, California

Albert Rosenblatt, a life insurance agent from Los Angeles, California

Paul Boymel, an attorney from Potomac, Maryland (whose 2-day cash winnings total $25,000)

[next game >>]

Jeopardy! Round responses

SIBLINGS
MUSIC
COLORS
FOREIGN PHRASES
BOATING
TV TRIVIA
    $100 9
Dick Smothers

Paul
    $100 23
tom tom

Rae
    $100 13
(Rae: What is orange color, [*]?)
(Alex: That's what we were looking for, as opposed to the white, yes.)

red

Rae
    $100 3
bon appétit

Paul
    $100 27
a dugout

Paul
    $100 4
J.R.

Paul
    $200 10
(Rae: [No response])
(Albert: Who are Jacob & Esau?)

Cain & Abel

PaulAlbertRae
    $200 16
(Rae: [No response])

the bass

PaulRae
    $200 11
a little black book

Paul
    $200 5
(Albert: What is bene?)

prego

Albert
Triple Stumper
    $200 28
[The end-of-round signal sounds.]

rowing

Paul
    $200 2
(Alex: Reference to the old Groucho Marx.)

the secret word

Albert
    $300 14
Lucy

Paul
    $300 24
the accordion

Rae
    $300 7
blue ribbon

Paul
    $300 6
go fast (hurry up)

Paul
    $300 1
Bruce Lee

Paul
    $400 15
the Everly Brothers

Paul
    $400 25
an aria

Rae
    $400 8
(Albert: What's green?)
...
(Alex: Mosel wines are usually in the green ones, Albert.)

brown

AlbertRae
    $400 19
Sprechen sie Deutsch?

Albert
    $400 17
The Outer Limits

Albert
    $500 21
(Albert: What's a catamaran?)
...
(Alex: Remember the category, SIBLINGS.)

sister ships

PaulAlbert
    $500 26
(Albert: What is...)

unison

PaulAlbert
    $500 12
(Rae: What is yellow?)

white

PaulRae
    $500 18
(Albert: [No response])
[Alex pronounces the correct response with a Japanese accent.]

Ah, so

Albert
Triple Stumper
    $500 22
(Paul: What is inboard?)
...
(Alex: We've got less than a minute to go.)

steam

Paul
    $500 20
(Albert: What is an [**] and a [*]?)

(2 of) both legs, a right arm & an ear

Albert

Scores at the first commercial break (after clue 11):

Paul Albert Rae
$1,600 -$600 $200

Scores at the end of the Jeopardy! Round:

Paul Albert Rae
$3,800 -$800 $400

Double Jeopardy! Round responses

U.S. HISTORY
DOCTORS
AFRICA
LITERATURE
4-LETTER WORDS
ENERGY
    $200 8
Salem

Rae
    $200 21
doctor of dental science

Paul
    $200 22
Alex Haley

Paul
    $200 15
harlequin

Paul
    $200 2
(Rae: What is a lithp?)
[Laughter]
(Alex: I think you blew our microphone out by leaning in that way, but thank you anyway.)

a lisp

Rae
    $200 24
the U.S.

Paul
    $400 7
billionaires

Paul
    $400 17
(Paul: Who is Winnie-the-Pooh?)

Doctor Dolittle

PaulAlbert
    $400 23
(Paul: What is the Congo?)

tsetse fly

PaulRae
    $400 14
(Rae: Who is David?)

Beowulf

PaulRae
    $400 3
kelp

Paul
    $400 25
(Paul: What is fossil fuels?)

the Sun

PaulAlbert
    $600 6
China

Paul
    $600 11
(Rae: What was Robinson Crusoe?)
...
(Alex: Nowadays quintuplets are commonplace, almost, but in those days, they weren't.)

delivering the Dionne quintuplets

Rae
Triple Stumper
    $600 1
(Albert: Who are the Bantu?)

the Watusi

AlbertRae
    $600 12
(Rae: [No response])

Esmeralda

PaulRae
    $600 9
(Albert: On your knee.)

hunt

Albert
Triple Stumper
    $600 27
(Paul: What is an alternator?)

a generator

Paul
Triple Stumper
    $800 4
the Know-Nothings

Paul
    $800 19
(Alex: And we've got less than a minute to go in the round.)

Dr. Joyce Brothers

Rae
    $800 13
(Paul: [No response])

the Mayor of Casterbridge

Paul
Triple Stumper
    $800 10
the verb

Paul
    $2,000 28
[The end-of-round signal sounds.]

Russia

Paul
    $1000 5
(Paul: What is the Civil War?)
(Albert: What is the 15th Amendment?)

the 13th Amendment

PaulAlbert
Triple Stumper
    $1000 18
(Rae: Who is Albert Schweitzer?)

Dr. (Thomas) Dooley

PaulRae
    $1000 16
(Rae: Who is Dante?)
...
(Alex: Boy, you're doing well, and you're doing well on second chances, because Rae and Albert, quite often, beat you to the punch in terms of ringing in, but they give me an incorrect question, and you're sitting back and picking up easy bucks, as we say in the business. Easy bucks, Paul.)

Doctor Faustus

PaulRae
    $1000 20
taut

Rae
    $1000 26
(Albert: What is momentum?)

kinetic energy

PaulAlbert

Scores at the end of the Double Jeopardy! Round:

Paul Albert Rae
$10,000 -$3,200 $0
(lock game)

[wagering suggestions for these scores]

Final Jeopardy! Round responses

THE THEATER
[The music stops playing as soon as Paul finishes writing his response.]
(Alex: It looks like Paul is not going to need all of the 30 seconds, so let's bail out of it early. It's a nice tune, catchy tune, but we really don't need it for Paul.)
[The show revealed Paul's response before his wager.]
...
(Alex: You're now #3 on our all-time list, and you're coming back for another shot, maybe two more!)
PaulWhat is The Matchmaker?
$5,000
The Matchmaker

Final scores:

Paul Albert Rae
$15,000 -$3,200 $0
3-day champion: $40,000 3rd place: La-Z-Boy recliner 2nd place: SunTana SunSystem + Ray-Ban sunglasses

Game dynamics:

Coryat scores:

Paul Albert Rae
$9,300 -$3,200 $0
31 R
(including 1 DD),
7 W
(including 1 DD)
6 R,
10 W
11 R,
8 W

Combined Coryat: $6,100

[game clues] [game scores] [suggest correction]

Game tape date: 1984-10-17
The J! Archive is created by fans, for fans. Scraping, republication, monetization, and malicious use prohibited; this site may use cookies and collect identifying information. See terms. The Jeopardy! game show and all elements thereof, including but not limited to copyright and trademark thereto, are the property of Jeopardy Productions, Inc. and are protected under law. This website is not affiliated with, sponsored by, or operated by Jeopardy Productions, Inc. Join the discussion at JBoard.tv.